Академия наук СССР в годы Великой Отечественной войны (1941-1945 гг.)

التفاصيل البيبلوغرافية
المؤلف الرئيسي: Левшин Б. В. Борис Венедиктович
اللغة:الروسية
منشور في: Москва, Наука, 1966
الموضوعات:
التنسيق: MixedMaterials كتاب
KOHA link:https://koha.lib.tpu.ru/cgi-bin/koha/opac-detail.pl?biblionumber=177950

MARC

LEADER 00000nam0a2200000 4500
001 177950
005 20231031165747.0
035 |a (RuTPU)RU\TPU\book\192928 
090 |a 177950 
100 |a 20100330d1966 m y0rusy50 ca 
101 0 |a rus 
102 |a RU 
105 |a a z 001zy 
200 1 |a Академия наук СССР в годы Великой Отечественной войны (1941-1945 гг.)  |f Б. В. Левшин 
210 |a Москва  |c Наука  |d 1966 
215 |a 188 с.  |c ил. 
320 |a Библиогр. в конце ст. 
610 1 |a Академия наук СССР 
610 1 |a Великая Отечественная война 1941-1945 
610 1 |a история 
610 1 |a перспективы развития 
675 |a 001.1  |v 3 
700 1 |a Левшин  |b Б. В.  |g Борис Венедиктович 
801 1 |a RU  |b 63413507  |c 20100330 
801 2 |a RU  |b 63413507  |c 20100916  |g RCR 
942 |c BK